Jawatankuasa Fatwa Majlis Kebangsaan bagi hal ehwal ugama Islam Malaysia : organisasi dan peranannya dalam masyarakat /
محفوظ في:
| المؤلف الرئيسي: | |
|---|---|
| التنسيق: | أطروحة |
| اللغة: | English |
| منشور في: |
Petaling Jaya
: Universiti Islam Antarabangsa Malaysia,
1992
|
| الموضوعات: | |
| الوصول للمادة أونلاين: | Click here to view 1st 24 pages of the thesis. Members can view fulltext at the specified PCs in the library. |
| الوسوم: |
إضافة وسم
لا توجد وسوم, كن أول من يضع وسما على هذه التسجيلة!
|
| LEADER | 019500000a22003730004500 | ||
|---|---|---|---|
| 001 | 68058 | ||
| 005 | 20230417142417.0 | ||
| 008 | 900830s1992 eng | ||
| 035 | |a 257523 | ||
| 035 | |a (Sirsi) 68058 | ||
| 040 | |a UIAM |b eng | ||
| 050 | |a BP158.3A3 | ||
| 100 | 0 | |a Murshidi Jaya |9 67150 | |
| 245 | 1 | 0 | |a Jawatankuasa Fatwa Majlis Kebangsaan bagi hal ehwal ugama Islam Malaysia : |b organisasi dan peranannya dalam masyarakat / |c oleh Murshidi bin Jaya |
| 260 | 1 | |a Petaling Jaya |b : Universiti Islam Antarabangsa Malaysia, |c 1992 | |
| 300 | |a 164 p. | ||
| 336 | |2 rdacontent | ||
| 337 | |2 rdamedia | ||
| 338 | |2 rdacarrier | ||
| 500 | |a "Kertas projek ini ialah satu latihan ilmiah untuk memenuhi sebahagian daripada keperluan Diploma Undang-Undang dan Pentadbiran Kehakiman islam pada sesi 1991/92."--On t.p. | ||
| 502 | |a (D.A.I.J.)--Universiti Islam Antarabangsa Malaysia, 1992. | ||
| 504 | |a Includes bibliographical references. | ||
| 650 | 0 | |a Advisory opinions (Islamic law) |z Malaysia |9 67151 | |
| 650 | 0 | |a Fatwas |9 25337 | |
| 655 | 0 | 7 | |a Theses, IIUM local |
| 690 | 0 | |a Dissertations, Academic |x Kulliyyah of Laws |z IIUM | |
| 710 | 2 | |a International Islamic University Malaysia. |b Kulliyyah of Laws |9 38108 | |
| 856 | 4 | |u http://studentrepo.iium.edu.my/handle/123456789/1592 |z Click here to view 1st 24 pages of the thesis. Members can view fulltext at the specified PCs in the library. | |
| 900 | |a bal-hm | ||
| 942 | |2 lcc |n 0 | ||
| 999 | |c 430266 |d 461757 | ||
| 952 | |0 0 |6 LU T BP158.3A3M984J 1992 |7 0 |8 THESES |9 749433 |a IIUM |b IIUM |c CLOSEACCES |g 0.00 |o lu t BP158.3A3M984J 1992 |p 00000265190 |r 2017-10-24 |t 1 |v 0.00 |y THESIS | ||
| 952 | |0 0 |6 T BP158.3A3M984J 1992 |7 0 |8 THESES |9 749434 |a IIUM |b IIUM |c MULTIMEDIA |g 0.00 |o t BP158.3A3M984J 1992 |p 00010981818 |r 2017-10-17 |t 1 |v 0.00 |y THESIS | ||
| 952 | |0 0 |6 TS CDF BP158.3A3M984J 1992 |7 0 |8 THESES |9 788131 |a IIUM |b IIUM |c MULTIMEDIA |g 0.00 |o ts cdf BP158.3A3M984J 1992 |p 11100325490 |r 2017-10-26 |t 1 |v 0.00 |y THESISDIG | ||
